| 000 | 00557nam a2200145 i 4500 | ||
|---|---|---|---|
| 001 | bg | ||
| 245 | 0 |
_a11 Krajowa Konferencja Automatyki : _bBiałystok-Białowieża 17-20 IX 1991 r. _nT. 1, _pReferaty / _corganizatorzy konferencji Politechnika Białostocka, Podkomitet Automatyki Polskiego Komitetu Pomiarów, Automatyki i Robotyki NOT. |
|
| 260 |
_aBiałystok : _bPB, _c1991. |
||
| 300 |
_a579, [1] s. : _bfot., rys., wykr. ; _c24 cm. |
||
| 040 | _cBPK | ||
| 041 | _apol | ||
| 080 | _a681.5(061.3) | ||
| 942 | _cKS | ||
| 008 | s pl f |000 0 pol | ||
| 999 |
_c29959 _d29959 |
||
| 856 |
_uhttp://koha.tu.koszalin.pl/cgi-bin/koha/opac-detail.pl?biblionumber=29959 _yKatalog online BPK |
||